000 00436nam a2200181Ia 4500
001 20354
005 20260306172800.0
008 260306t2003||||xx |||||||||||||| ||spa||
041 _aESP
082 _a343.2
_bH418
100 _aHauriou, Maurice
_eAUT
245 0 _aPrincipios de derecho público y constitucional
260 _c2003
300 _a590 páginas :
_c
650 _aGEN
654 _aCDE
942 _cLIB
_dJUS
_fJUS
_2ddc
_n
999 _c20354
_d20354